LEADER 01130nam--2200373---450- 001 990003438580203316 005 20100908143105.0 010 $a978-88-370-6849-3 035 $a000343858 035 $aUSA01000343858 035 $a(ALEPH)000343858USA01 035 $a000343858 100 $a20100908d2010----km-y0itay50------ba 101 $aita 102 $aIT 105 $aa---||||001yy 200 1 $a<> design della ceramica in Italia$e1850-2000$fElena Dellapiana 210 $aMilano$cElecta architettura$d2010 215 $a255 p.$cill.$d24 cm 225 2 $aDesign & grafica$v8 410 0$12001$aDesign & grafica$v8 606 0 $aCeramiche italiane$z1850-2000$2BNCF 676 $a738.0945 700 1$aDELLAPIANA,$bElena$0316168 801 0$aIT$bsalbc$gISBD 912 $a990003438580203316 951 $aXII.2.C. 1973$b4172 L.G.$cXII.2.C.$d00281975 959 $aBK 969 $aUMA 979 $aPASSARO$b10$c20100908$lUSA01$h1258 979 $aPASSARO$b10$c20100908$lUSA01$h1430 979 $aPASSARO$b10$c20100908$lUSA01$h1431 996 $aDesign della ceramica in Italia$91110431 997 $aUNISA LEADER 01278nam2-2200409---450- 001 990006092210203316 005 20160111084736.0 010 $a978-88-04-64956-4 035 $a000609221 035 $aUSA01000609221 035 $a(ALEPH)000609221USA01 035 $a000609221 100 $a20070220d2015----km-y0itay50------ba 101 0 $aita 102 $aIT 105 $ay|||||||001yy 200 1 $aCiviltà e religione degli Aztechi$fa cura di Luisa Pranzetti e Alessandro Lupo 210 $aMilano$cMondadori$d2015 215 $aLXX, 1326 p.$d18 cm 225 2 $a<> meridiani$iClassici dello spirito 300 $aIn custodia 410 0$1001000287076$12001$a<> meridiani$iClassici dello spirito 606 0 $aAztechi$xCiviltà 676 $a972.018 702 1$aPRANZETTI,$bLuisa 702 1$aLUPO,$bAlessandro 801 0$aIT$bsalbc$gISBD 912 $a990006092210203316 951 $aIII.2. 1615$b250965 L.M.$cIII.2.$d00347841 959 $aBK 969 $aUMA 979 $aPASSARO$b90$c20151027$lUSA01$h1024 979 $aPASSARO$b90$c20151027$lUSA01$h1025 979 $aALESSANDRA$b90$c20151103$lUSA01$h1423 979 $aALESSANDRA$b90$c20160111$lUSA01$h0847 996 $aCiviltà e religione degli Aztechi$91382930 997 $aUNISA